Most Popular 100 Girl Names Ireland 2022 - Statistics

General Stats
  • This quiz has been taken 141 times
  • The average score is 64 of 100
Answer Stats
Answer % Correct
1 E Emily
96%
12 E Emma
93%
2 G Grace
93%
10 O Olivia
86%
72 E Elizabeth
84%
14 E Ella
84%
47 S Sarah
84%
5 L Lily
82%
16 L Lucy
82%
26 E Evie
81%
25 A Anna
79%
65 A Ayla
79%
59 E Eva
79%
13 H Hannah
79%
17 I Isla
79%
54 M Maria
79%
7 A Ava
77%
64 E Eve
77%
27 I Isabelle
77%
87 M Mary
77%
8 M Mia
77%
4 S Sophie
77%
11 A Amelia
75%
23 C Chloe
75%
15 F Freya
75%
91 L Laura
75%
55 C Charlotte
74%
9 E Ellie
74%
42 Z Zoe
74%
52 D Daisy
72%
45 I Isabella
72%
57 I Ivy
72%
34 K Katie
72%
62 R Rose
72%
38 S Sofia
72%
21 S Sophia
72%
35 E Erin
70%
76 E Evelyn
70%
49 R Rosie
70%
37 W Willow
70%
29 A Alice
68%
3 F Fiadh
68%
71 F Fíadh
68%
62 J Jessica
68%
50 L Leah
68%
65 A Aria
67%
82 C Clara
67%
97 M Mollie
67%
22 M Molly
67%
88 Z Zara
67%
31 A Aoife
65%
84 E Elsie
65%
36 K Kate
65%
76 L Lauren
65%
59 L Layla
65%
78 N Niamh
65%
38 R Ruby
65%
99 G Georgia
63%
45 M Maya
63%
81 B Bella
61%
65 H Harper
61%
42 H Holly
61%
90 L Luna
61%
19 M Millie
61%
84 A Abigail
60%
41 B Bonnie
60%
80 H Hazel
60%
18 S Saoirse
60%
74 C Ciara
58%
31 R Róisín
58%
51 A Annie
56%
24 C Caoimhe
56%
33 C Cara
56%
20 S Sadie
56%
44 S Sienna
56%
99 J Julia
54%
98 M Maeve
54%
94 C Cora
53%
69 M Maisie
53%
58 M Mila
53%
32 S Sadhbh
53%
65 E Emilia
51%
48 A Ada
49%
84 A Ayda
49%
6 E Éabha
49%
28 R Robyn
49%
78 P Phoebe
47%
55 F Faye
46%
94 H Heidi
46%
94 A Alannah
44%
65 A Aoibhín
44%
91 E Éala
44%
72 A Ailbhe
42%
65 M Méabh
42%
88 N Nina
40%
52 C Clodagh
39%
75 H Hailey
39%
38 C Croía
35%
82 P Penny
35%
91 I Indie
26%
No matching quizzes found
Score Distribution
Percent of People with Each Score
Percentile by Number Answered
Your Score History
You have not taken this quiz